| 000 | 00634cam a2200217 i 4500 | ||
|---|---|---|---|
| 001 | 360060 | ||
| 005 | 20250209121738.0 | ||
| 008 | 770524s1977 enka b 001 0 eng | ||
| 020 |
_a0407356711 : _c£6.95 |
||
| 050 | 1 | 0 | _aRC932 MAI |
| 082 | 0 | 0 | _a616.7/2/0622 |
| 100 | 1 |
_aMaitland, G. D. _q(Geoffrey Douglas) |
|
| 245 | 1 | 0 |
_aPeripheral manipulation / _cG. D. Maitland. |
| 250 | _a2d ed. | ||
| 260 |
_aLondon ; _aBoston : _bButterworths, _c1977. |
||
| 300 |
_a363 p. : _bill. ; _c23 cm. |
||
| 650 | 0 | _aManipulation (Therapeutics) | |
| 650 | 0 |
_aJoints _xDiseases. |
|
| 650 | 2 | _aManipulation, Orthopedic. | |
| 942 |
_2lcc _cBK _e2nd ed. _n0 |
||
| 999 |
_c3735 _d3735 |
||